000 00920nam a22002175i 4500
001 53892
003 ES-MaACL
005 20230906162841.0
007 t|
008 960703s1853 sp ||||1| spa d
080 _a355.49(4)"1571"
100 1 _aFernández de la Puente y Acevedo, José.
_949674
245 1 0 _aMemoria histórico-crítica del célebre combate naval y victoria de Lepanto /
_cescrita y presentada para el certamen de la Real Academia de la Historia por José Fernandez de la Puente y Acevedo.
260 _aMadrid :
_b[s.n.],
_c1853 (
_fImp. de A. Vicente)
300 _a83 p. ;
_c21 cm.
530 _aDisponible en formato digital.
650 4 _aBatalla de Lepanto, 1571.
_9171486
710 2 _aReal Academia de la Historia (España)
_96309
852 4 _aES-MaACL
_jT-29-F-8
856 4 _uhttp://bibliotecavirtualdefensa.es/BVMDefensa/es/consulta/registro.do?id=173983
_zBiblioteca Virtual de Defensa
999 _c53892
_d53892